Introduzione allo studio dell latino volgare / (Record no. 75450)

MARC details
000 -LEADER
campo de control de longitud fija 00687nam a2200217 i 4500
001 - NÚMERO DE CONTROL
campo de control 75450
003 - IDENTIFICADOR DE NÚMERO DE CONTROL
campo de control ES-MaACL
005 - FECHA Y HORA DE LA ÚLTIMA TRANSACCIÓN
campo de control 20230906172445.0
007 - CAMPO FIJO DE DESCRIPCIÓN FÍSICA--INFORMACIÓN GENERAL
campo de control de longitud fija t|
008 - DATOS DE LONGITUD FIJA--INFORMACIÓN GENERAL
campo de control de longitud fija 040924s1914 it ||||1| ita d
100 1# - ENTRADA PRINCIPAL--NOMBRE DE PERSONA
Nombre de persona Grandgent, C. H.
9 (RLIN) 59601
245 10 - MENCIÓN DEL TÍTULO
Título Introduzione allo studio dell latino volgare /
Mención de responsabilidad, etc. C.H. Grandgent ; traduzione dell inglese di N. Maccarrone ; con prefazione di E.G. Parodi.
260 ## - PUBLICACIÓN, DISTRIBUCIÓN, ETC.
Lugar de publicación, distribución, etc. Milano :
Nombre del editor, distribuidor, etc. [s.n.,
Fecha de publicación, distribución, etc. 1914] (
Fabricante Allegretti)
300 ## - DESCRIPCIÓN FÍSICA
Extensión XXI, 298 p. ;
Dimensiones 15 cm.
490 1# - MENCIÓN DE SERIE
Mención de serie Manuali Hoepli
700 1# - ENTRADA AGREGADA--NOMBRE PERSONAL
Nombre de persona Maccarrone, N.
9 (RLIN) 75078
700 1# - ENTRADA AGREGADA--NOMBRE PERSONAL
Nombre de persona Parodi, E. G.
9 (RLIN) 89206
830 0# - PUNTO DE ACCESO ADICIONAL DE SERIE-TÍTULO UNIFORME
Título uniforme Manuali Hoepli
9 (RLIN) 180782
852 ## - LOCALIZACIÓN
Ubicación ES-MaACL
Número de control de estantería D-4249
Holdings
Estatus retirado Estado de pérdida Estado de daño No para préstamo Biblioteca de origen Biblioteca actual Ubicación en estantería Fecha de adquisición Fuente de adquisición Total de préstamos Signatura topográfica completa Código de barras Visto por última vez Precio de reemplazo Tipo de ítem Koha
        Biblioteca del Ateneo de Madrid Biblioteca del Ateneo de Madrid Sala Valle Inclán 17/01/2008     D-4249 901078973 23/02/2023 23/02/2023 Libro impreso